| 000 | 00778nam a2200265Ia 4500 | ||
|---|---|---|---|
| 003 | OSt | ||
| 005 | 20220918164337.0 | ||
| 006 | a|||||r|||| 00| 0 | ||
| 007 | ta | ||
| 008 | 220917b |||||||| |||| 00| 0 eng d | ||
| 020 | _a0521585848 (pbk) | ||
| 024 | _a21,495 | ||
| 037 | _cTextual | ||
| 040 |
_aARTS _cARTS _beng |
||
| 041 |
_2eng _aeng |
||
| 082 | _aR3xM44,6, M3;N7 | ||
| 100 |
_aNietzche Friedrich _918425 |
||
| 245 | 0 | _aUntimely meditations ed by Daniel Breazeale tr by R. J Hollingdale | |
| 260 |
_aCambridge _bCUP _c1997 |
||
| 300 |
_axlvii,277p. _ccm. |
||
| 490 | _aCambridge texts in the history of philosophy | ||
| 650 |
_aMETAPHYSICS _913358 |
||
| 942 |
_hR3xM44,6, M3;N7 _cTEXL _2CC |
||
| 999 |
_c124336 _d124336 |
||